000 00727nam a22001817a 4500
003 OSt
005 20250909183334.0
008 240902b ||||| |||| 00| 0 eng d
040 _c0
082 _aDPer 808.042 C686 June-February 2021 v. 72-73 n. 1-4
100 _aArellano, Sonia C.
_eauthor.
_959882
245 _aSexual violences traveling to El Norte :
_ban example of quilting as method /
_cSonia C. Arellano.
260 _aUSA ;
_bNational Council of Teachers of English ,
_cJune 2021.
300 _aVolume 72-73, pages 500-515 :
_billustration ;
_c23 cm.
500 _aCollege Composition & Communication, vol. 72, n. 4, pages 500-515, June 2021.
700 _aArellano, Sonia C.
_eauthor.
_959882
942 _2ddc
_cPER
999 _c21207
_d21207